Techniky spojování II.: Slepovaná plná lepenka

Výroba zlepovanej lepenky. Kašírované lepenky - estetický vzhľad finálneho výrobku a zlepšenie niektorých funkčných vlastností. Zariadenia používané na kašírovanie. Zušľachťovanie ligno-celulózových materiálov. Laminácia - vrstvenie polymérnymi fóliami.

Salvato in:
Dettagli Bibliografici
Autore principale: Vítek, Miloslav
Natura: Capitolo di libro
Lingua:ceco
Soggetti:
Tags: Aggiungi Tag
Nessun Tag, puoi essere il primo ad aggiungerne!!

MARC

LEADER 00000naa a2200000 4500
001 0209067
005 20231211081215.9
041 0 |a cze 
044 |a CZ 
245 1 0 |a Techniky spojování II.: Slepovaná plná lepenka  |c Miloslav Vítek 
520 |a Výroba zlepovanej lepenky. Kašírované lepenky - estetický vzhľad finálneho výrobku a zlepšenie niektorých funkčných vlastností. Zariadenia používané na kašírovanie. Zušľachťovanie ligno-celulózových materiálov. Laminácia - vrstvenie polymérnymi fóliami. 
610 2 0 |a obaly 
610 2 0 |a technika obalová 
610 2 0 |a výroba 
610 2 0 |a papier 
100 1 |a Vítek, Miloslav